| 000 | 00941cam a2200253 i 4500 | ||
|---|---|---|---|
| 003 | SA-RiAUC | ||
| 005 | 20250509154305.0 | ||
| 008 | 250508s1981 ua g 000 0 ara c | ||
| 040 |
_aAE-AiULD _bara _cSA-RiAUC _erda |
||
| 050 | 4 | _b.J375 1981 | |
| 082 | 0 | 4 | _a257.2 |
| 090 |
_a257.2 _b ج ا ر |
||
| 100 | 1 |
_aالجارحي، معبد علي _eمؤلف. |
|
| 245 | 1 | 0 |
_aنحو نظام نقدي ومالي إسلامي / _cمعبد علي الجارحي. |
| 264 | 1 |
_aالقاهرة : _bالاتحاد الدولي للبنوك الإسلامية، _c1981 |
|
| 300 |
_a128 صفحة ؛ _c23 سم |
||
| 336 |
_aنص _btxt _2rdacontent _3كتاب |
||
| 337 |
_aبدون وسيط _bn _2rdamedia |
||
| 338 |
_aمجلد _bnc _2rdacarrier |
||
| 650 | 7 |
_aالنظام المالي في الإسلام _2aucsh |
|
| 650 | 7 |
_aالبنوك الإسلامية _2aucsh |
|
| 942 |
_2ddc _cBOOK _n0 |
||
| 949 |
_aSA-JeALM _d250508 _umohamedma123 _n1 |
||
| 999 |
_c7743 _d7743 |
||